书目信息 |
| 题名: |
新战争论
|
|
| 作者: | 沈伟光 | |
| 分册: | ||
| 出版信息: | 北京 人民出版社 1997 |
|
| 页数: | 397 | |
| 开本: | 20cm | |
| 丛书名: | ||
| 单 册: | ||
| 中图分类: | E09 | |
| 科图分类: | ||
| 主题词: | 军事学术史 , 军事思想史 | |
| 电子资源: | ||
| ISBN: | 7-01-002569-X | |
| 000 | 00510nam0 2200193 450 | |
| 001 | 0760515518 | |
| 005 | 20070817164835.51 | |
| 010 | @a7-01-002569-X@d¥20.00 | |
| 100 | @a20070817d km y0chiy0120 ea | |
| 101 | 0 | @achi |
| 200 | 1 | @a新战争论@Axin zhan zheng lun@f沈伟光@Fshen wei guang |
| 210 | @a北京@c人民出版社@d1997 | |
| 215 | @a397@d20cm | |
| 606 | 0 | @a军事学术史 |
| 606 | 0 | @a军事思想史 |
| 690 | @aE09@v3 | |
| 701 | 0 | @a沈伟光@Ashen wei guang |
| 801 | 0 | @aCN@bPFT@c20070817 |
| 905 | @a213230@dE09@eg3@f1 | |
| 新战争论/沈伟光.-北京:人民出版社,1997 |
| 397;20cm |
| ISBN 7-01-002569-X:¥20.00 |
| ● |
| 相关链接 |
|
|
|
|
正题名:新战争论
索取号:E09/g3
 
预约/预借
| 序号 | 登录号 | 条形码 | 馆藏地/架位号 | 状态 | 备注 |
| 1 | 6501343 | 265013433 | 密集书库-海洋学院/ [索取号:E09/g3] | 在馆 |